Discursos leídos ante la Real Academia de Ciencias Exactas, Físicas y Naturales (Record no. 173340)

MARC details
000 -LEADER
campo de control de longitud fija 00904nas a2200229 i 4500
001 - NÚMERO DE CONTROL
campo de control 173340
003 - IDENTIFICADOR DE NÚMERO DE CONTROL
campo de control ES-MaACL
005 - FECHA Y HORA DE LA ÚLTIMA TRANSACCIÓN
campo de control 20231228062704.0
007 - CAMPO FIJO DE DESCRIPCIÓN FÍSICA--INFORMACIÓN GENERAL
campo de control de longitud fija t|
008 - DATOS DE LONGITUD FIJA--INFORMACIÓN GENERAL
campo de control de longitud fija 091126c1947 sp a| | 1 ||pa d
080 ## - NÚMERO DE LA CLASIFICACIÓN DECIMAL UNIVERSAL
Número de la Clasificación Decimal Universal 5 : 061.12(460)
110 2# - ENTRADA PRINCIPAL--NOMBRE DE ENTIDAD CORPORATIVA
Nombre de entidad corporativa o nombre de jurisdicción como elemento de entrada Real Academia de Ciencias Exactas, Físicas y Naturales de España.
9 (RLIN) 175635
245 10 - MENCIÓN DEL TÍTULO
Título Discursos leídos ante la Real Academia de Ciencias Exactas, Físicas y Naturales
Fechas predominantes 1947.
260 ## - PUBLICACIÓN, DISTRIBUCIÓN, ETC.
Lugar de publicación, distribución, etc. Madrid :
Nombre del editor, distribuidor, etc. [s. n.],
Fecha de publicación, distribución, etc. 1947 (
Fabricante Imp. S. Aguirre)
300 ## - DESCRIPCIÓN FÍSICA
Extensión 1 v. ;
Dimensiones 27 cm.
505 8# - NOTA DE CONTENIDO CON FORMATO
Nota de contenido con formato Contiene: T. XII ;
Título La pobreza científica en España /
Mención de responsabilidad Gregorio Marañón (79 p.+ 2 fot.). Contestación /
-- Pedro del Novo (p. 81-96).
650 04 - PUNTO DE ACCESO ADICIONAL DE MATERIA--TÉRMINO DE MATERIA
Término de materia o nombre geográfico como elemento de entrada Ciencia-
Subdivisión geográfica España-
Subdivisión de forma Historia.
9 (RLIN) 10943
700 1# - ENTRADA AGREGADA--NOMBRE PERSONAL
Nombre de persona Marañón, Gregorio,
Fechas asociadas al nombre 1887-1960
9 (RLIN) 76311
700 1# - ENTRADA AGREGADA--NOMBRE PERSONAL
Nombre de persona Novo y Fernández Chicarro, Pedro de.
9 (RLIN) 86092
852 ## - LOCALIZACIÓN
Ubicación ES-MaACL
Número de control de estantería K-214
Holdings
Estatus retirado Estado de pérdida Estado de daño No para préstamo Colección Biblioteca de origen Biblioteca actual Ubicación en estantería Fecha de adquisición Total de préstamos Signatura topográfica completa Código de barras Visto por última vez Precio de reemplazo Tipo de ítem Koha
        Periódicos y Revistas Biblioteca del Ateneo de Madrid Biblioteca del Ateneo de Madrid Administración 26/11/2009   K-214 1181915 23/02/2023 23/02/2023 Revista